000 00507nam a2200193 a 4500
005 20210219152942.0
008 991125n 000 0 u
035 _aUPN01000068468
100 _aAzarmsa, Reza
222 _aEDUCATIONAL TECHNOLOGY
245 _aComputer viruses and safe educational practices
300 _a26-36
362 _a31, No. 11, 1991
505 _aAbril 1992
653 0 _aMICROCOMPUTADORAS
653 0 _aREDES DE COMPUTADORAS
904 _aAC
_b006279
905 _aArticulo
999 _c64590
_d64590